| 000 | 00355nam a22001217a 4500 | ||
|---|---|---|---|
| 008 | 230606b xxu||||| |||| 00| 0 eng d | ||
| 082 |
_a342.73 _bTRI |
||
| 100 | _cLaurence H. Tribe | ||
| 245 |
_aAmerican Constitutional Law _bProfessor of law, Harvard university |
||
| 260 |
_aMineola, NY _bThe foundation press, INC _c1978 |
||
| 300 | _a1204P | ||
| 942 |
_2ddc _cBK |
||
| 999 |
_c488 _d488 |
||